[Event "Pan American Intercollegiate-chT"]
[Site "Chess.com INT"]
[Date "2021.01.06"]
[Round "9"]
[White "Adve, Anshul"]
[Black "Testa, Adriano"]
[Result "0-1"]
[WhiteElo "2103"]
[BlackElo "2263"]
[PlyCount "68"]
[EventDate "2021.01.04"]
[EventType "team-swiss (rapid)"]
[EventRounds "9"]
[EventCountry "USA"]
[SourceTitle "CBM 200 Extra"]
[Source "ChessBase"]
[SourceDate "2021.03.31"]
[SourceVersion "1"]
[SourceVersionDate "2021.03.31"]
[SourceQuality "1"]
[WhiteTeam "California Univ"]
[BlackTeam "Caltech"]
[WhiteTeamCountry "USA"]
[BlackTeamCountry "USA"]

1. c4 c6 2. g3 d5 3. Bg2 e5 4. cxd5 cxd5 5. Qb3 Nf6 6. d3 Na6 7. Bg5 Nc5 8. Qc2 Be6 9. Nf3 h6 10. Bxf6 Qxf6 11. Nc3 Rc8 12. 0-0 d4 13. Nb5 a6 14. Na7 Ra8 15. b4 Nd7 16. Nc8 Qd8 17. Rfc1 Bxb4 18. Rab1 Bc5 19. Nxe5 Rxc8 20. Bxb7 Rc7 21. Qa4 0-0 22. Nc6 Qf6 23. Qa5 Bd6 24. Bxa6 Ra8 25. a4 Ne5 26. Nxd4 Rxc1+ 27. Rxc1 Nxd3 28. exd3 Qxd4 29. Qb5 Qa7 30. Bb7 Rb8 31. Rb1 Qc5 32. Qa6 Bd5 33. h3 Bxg3 34. Qb5 Qxf2# 0-1

[Event "Pan American Intercollegiate-chT"]
[Site "Chess.com INT"]
[Date "2021.01.04"]
[Round "3"]
[White "Li, Ethan"]
[Black "Testa, Adriano"]
[Result "1-0"]
[WhiteElo "2224"]
[BlackElo "2263"]
[PlyCount "81"]
[EventDate "2021.01.04"]
[EventType "team-swiss (rapid)"]
[EventRounds "9"]
[EventCountry "USA"]
[SourceTitle "CBM 200 Extra"]
[Source "ChessBase"]
[SourceDate "2021.03.31"]
[SourceVersion "1"]
[SourceVersionDate "2021.03.31"]
[SourceQuality "1"]
[WhiteTeam "Princeton II"]
[BlackTeam "Caltech"]
[WhiteTeamCountry "USA"]
[BlackTeamCountry "USA"]

1. d4 d5 2. Nf3 c6 3. e3 Bf5 4. Be2 Nf6 5. 0-0 e6 6. b3 Ne4 7. Bb2 Nd7 8. Ne5 Nxe5 9. dxe5 Bc5 10. Bd4 Bb6 11. f3 Nc5 12. Nd2 Nd7 13. f4 h5 14. a4 c5 15. Bb2 c4 16. bxc4 Bxe3+ 17. Kh1 Nc5 18. cxd5 Qxd5 19. Nc4 Qxd1 20. Bxd1 Nxa4 21. Nd6+ Kd7 22. Rxa4 b5 23. Ra5 Bd2 24. Rxb5 Rhb8 25. Rb3 Bg6 26. Nc4 Bb4 27. Ba3 a5 28. Bf3 Ra6 29. Nxa5 Bxa3 30. Rxa3 Bxc2 31. Rc3 Ba4 32. Nb7 Ke7 33. Rc7+ Kf8 34. Nd6 f6 35. Bxh5 Rb2 36. h3 Bc6 37. Bf3 Bxf3 38. Rxf3 Raa2 39. Rg3 Rf2 40. Rc8+ Ke7 41. Rxg7# 1-0

[Event "ITA-ch U20"]
[Site "Montecatini Terme"]
[Date "2011.08.06"]
[Round "8"]
[White "Maurizio, Antonio"]
[Black "Testa, Adriano"]
[Result "1-0"]
[WhiteElo "2001"]
[BlackElo "2269"]
[PlyCount "111"]
[EventDate "2011.07.31"]
[EventType "swiss"]
[EventRounds "9"]
[EventCountry "ITA"]
[SourceTitle "EXT 2014"]
[Source "ChessBase"]
[SourceDate "2013.11.20"]
[SourceVersion "1"]
[SourceVersionDate "2013.11.20"]
[SourceQuality "1"]

1. d4 d5 2. Nf3 Nf6 3. e3 Nbd7 4. Bd3 c5 5. c3 Qc7 6. Nbd2 g6 7. 0-0 Bg7 8. Qe2 0-0 9. e4 dxe4 10. Nxe4 Nxe4 11. Qxe4 cxd4 12. cxd4 Nf6 13. Qh4 Rd8 14. Bg5 Be6 15. Rfe1 Rac8 16. Rxe6 fxe6 17. Re1 Qd7 18. Be3 Qd5 19. Ne5 Nd7 20. Nf3 Nf8 21. Be4 Qd7 22. Qg5 Bf6 23. Qg3 Qe8 24. h4 Qf7 25. h5 Qg7 26. h6 Qf7 27. Bxb7 Rc2 28. Rb1 Rd7 29. Be4 Rc8 30. b4 Rcd8 31. a4 Bxd4 32. Nxd4 Rxd4 33. Bxd4 Rxd4 34. Qe3 e5 35. Bf3 Qf4 36. Qxf4 exf4 37. a5 Nd7 38. b5 e5 39. Rd1 Rxd1+ 40. Bxd1 Kf8 41. Be2 Ke7 42. b6 Nxb6 43. axb6 axb6 44. Bc4 b5 45. Bxb5 Kf6 46. Bc6 Kg5 47. Kf1 Kxh6 48. Ke2 Kg5 49. Kf3 Kf5 50. Bd7+ Kf6 51. Ke4 h6 52. f3 Kg5 53. Kxe5 h5 54. Bc6 Kh4 55. Kxf4 g5+ 56. Kf5 1-0

[Event "ITA-ch U20"]
[Site "Montecatini Terme"]
[Date "2011.08.04"]
[Round "6"]
[White "Testa, Adriano"]
[Black "Altini, Nicola"]
[Result "1-0"]
[WhiteElo "2269"]
[BlackElo "2267"]
[PlyCount "95"]
[EventDate "2011.07.31"]
[EventType "swiss"]
[EventRounds "9"]
[EventCountry "ITA"]
[SourceTitle "EXT 2014"]
[Source "ChessBase"]
[SourceDate "2013.11.20"]
[SourceVersion "1"]
[SourceVersionDate "2013.11.20"]
[SourceQuality "1"]

1. d4 d5 2. c4 c6 3. Nf3 Nf6 4. e3 Bf5 5. Nc3 e6 6. Nh4 Bg4 7. Qb3 b6 8. h3 Bh5 9. g4 Ne4 10. Nxe4 Qxh4 11. cxd5 exd5 12. Bg2 Bg6 13. Nc3 Nd7 14. e4 dxe4 15. Nxe4 Be7 16. Bf4 Bxe4 17. Bxe4 Qf6 18. Qf3 Rc8 19. 0-0 Bd6 20. Bxd6 Qxd6 21. Rac1 0-0 22. Rxc6 Rxc6 23. Bxc6 Nf6 24. Rd1 h6 25. d5 Rd8 26. Kg2 Qe5 27. Rd2 Qd6 28. a3 g6 29. Rd4 Kg7 30. Qe3 Ng8 31. Re4 Nf6 32. Re5 Rc8 33. b4 Rd8 34. b5 Rc8 35. a4 Qb4 36. Re7 Qxa4 37. Qe5 a6 38. bxa6 Rxc6 39. dxc6 Qxc6+ 40. Kh2 Qc2 41. Qe2 Qa4 42. a7 h5 43. g5 Qf4+ 44. Kh1 Qc1+ 45. Qe1 Qc6+ 46. Kg1 Nd5 47. Qe5+ Kf8 48. Re8+ 1-0

[Event "ITA-ch U20"]
[Site "Montecatini Terme"]
[Date "2011.08.02"]
[Round "3"]
[White "Carlomagno, Vincenzo"]
[Black "Testa, Adriano"]
[Result "0-1"]
[WhiteElo "1893"]
[BlackElo "2269"]
[PlyCount "56"]
[EventDate "2011.07.31"]
[EventType "swiss"]
[EventRounds "9"]
[EventCountry "ITA"]
[SourceTitle "EXT 2014"]
[Source "ChessBase"]
[SourceDate "2013.11.20"]
[SourceVersion "1"]
[SourceVersionDate "2013.11.20"]
[SourceQuality "1"]

1. e4 e5 2. Nf3 Nc6 3. Bc4 Bc5 4. c3 Nf6 5. d3 0-0 6. Nbd2 d5 7. Bb3 d4 8. Qe2 a5 9. a4 Be6 10. 0-0 Nd7 11. Bxe6 fxe6 12. Nc4 h6 13. g3 Ba7 14. Kg2 Rf7 15. Bd2 Kh8 16. Nh4 g5 17. Qh5 Rh7 18. Nf3 Qe8 19. Qxe8+ Rxe8 20. h3 Rf7 21. cxd4 Ref8 22. Nh2 Bxd4 23. Be3 b6 24. Ng4 h5 25. Nh2 Nc5 26. Rfd1 Nb4 27. Bxd4 exd4 28. Rd2 Nb3 0-1

[Event "ITA-ch U20"]
[Site "Montecatini Terme"]
[Date "2011.08.01"]
[Round "2"]
[White "Testa, Adriano"]
[Black "Sagripanti, Michele"]
[Result "1/2-1/2"]
[WhiteElo "2269"]
[BlackElo "1990"]
[PlyCount "51"]
[EventDate "2011.07.31"]
[EventType "swiss"]
[EventRounds "9"]
[EventCountry "ITA"]
[SourceTitle "EXT 2014"]
[Source "ChessBase"]
[SourceDate "2013.11.20"]
[SourceVersion "1"]
[SourceVersionDate "2013.11.20"]
[SourceQuality "1"]

1. d4 Nf6 2. c4 Nc6 3. Nf3 e6 4. g3 Bb4+ 5. Bd2 Qe7 6. Nc3 d6 7. Bg2 0-0 8. 0-0 Bxc3 9. Bxc3 Ne4 10. Rc1 Nxc3 11. Rxc3 e5 12. d5 Nb8 13. b4 b6 14. c5 bxc5 15. bxc5 Na6 16. Nd2 Nxc5 17. Nb3 Na4 18. Rc2 Ba6 19. Qd2 Bb5 20. Rfc1 Rac8 21. Bh3 f5 22. Qa5 a6 23. Rxc7 Rxc7 24. Rxc7 Qf6 25. Qe1 f4 26. Nd2 1/2-1/2

[Event "Amsterdam Science Park op-A 1st"]
[Site "Amsterdam"]
[Date "2011.07.14"]
[Round "6"]
[White "Testa, Adriano"]
[Black "Hendriks, Theo"]
[Result "1-0"]
[WhiteElo "2269"]
[BlackElo "2053"]
[PlyCount "109"]
[EventDate "2011.07.09"]
[EventType "swiss"]
[EventRounds "9"]
[EventCountry "NED"]
[SourceTitle "CBM 143 Extra"]
[Source "ChessBase"]
[SourceDate "2011.08.29"]
[SourceVersion "1"]
[SourceVersionDate "2011.08.29"]
[SourceQuality "1"]

1. e4 c5 2. Nf3 Nc6 3. Bb5 g6 4. Bxc6 dxc6 5. d3 Bg7 6. h3 Nf6 7. Nc3 Nd7 8. Be3 e5 9. Qd2 Qe7 10. Bh6 0-0 11. 0-0-0 b5 12. g4 b4 13. Ne2 c4 14. dxc4 Nc5 15. Ng3 Bxh6 16. Qxh6 a5 17. Rhg1 f6 18. Nf5 Qf7 19. Qe3 Qxc4 20. Nd6 Qxa2 21. Qxc5 Qa1+ 22. Kd2 Qxb2 23. Qc4+ Kg7 24. Nxc8 Rfxc8 25. Qb3 Qxb3 26. cxb3 a4 27. bxa4 Rxa4 28. Ra1 Rxa1 29. Rxa1 c5 30. Ra7+ Kg8 31. Rb7 Rd8+ 32. Kc2 Ra8 33. Nd2 Ra3 34. Rb5 Rc3+ 35. Kd1 Kf7 36. h4 Ke6 37. Rb6+ Kf7 38. g5 fxg5 39. hxg5 Ke7 40. Rf6 Rh3 41. Rf3 Rh5 42. Rg3 Rh1+ 43. Kc2 Rh2 44. Rf3 Rg2 45. Nb3 Rxg5 46. Nxc5 Kd6 47. Nd3 Rg4 48. Re3 Rg2 49. Kb3 h5 50. Rg3 Rxg3 51. fxg3 g5 52. Kxb4 h4 53. gxh4 gxh4 54. Nf2 Kc6 55. Kc4 1-0

[Event "Amsterdam Science Park op-A 1st"]
[Site "Amsterdam"]
[Date "2011.07.10"]
[Round "2"]
[White "Testa, Adriano"]
[Black "Horvath, Csaba"]
[Result "0-1"]
[WhiteElo "2269"]
[BlackElo "2517"]
[PlyCount "110"]
[EventDate "2011.07.09"]
[EventType "swiss"]
[EventRounds "9"]
[EventCountry "NED"]
[SourceTitle "CBM 143 Extra"]
[Source "ChessBase"]
[SourceDate "2011.08.29"]
[SourceVersion "1"]
[SourceVersionDate "2011.08.29"]
[SourceQuality "1"]

1. d4 Nf6 2. c4 g6 3. g3 c5 4. d5 Bg7 5. Nc3 0-0 6. Bg2 e6 7. Nf3 exd5 8. cxd5 d6 9. 0-0 Re8 10. Nd2 Nbd7 11. h3 Nh5 12. Nde4 Ndf6 13. g4 Nxe4 14. Nxe4 f5 15. Nxd6 Qxd6 16. gxh5 f4 17. hxg6 hxg6 18. e4 fxe3 19. Bxe3 Bxb2 20. Rb1 Be5 21. Kh1 b6 22. Be4 Bg7 23. Bg2 Bf5 24. Rc1 Be4 25. Rg1 Rad8 26. Qg4 Qxd5 27. Qxg6 Bxg6 28. Bxd5+ Rxd5 29. Rxg6 Kf7 30. Rc6 Re6 31. Rc7+ Re7 32. Rc6 Ke8 33. Rg1 Kd7 34. Rcg6 Bb2 35. Rb1 Rg7 36. Rxg7+ Bxg7 37. Kg2 Bf6 38. Kf3 Ke6 39. Rc1 Rh5 40. Kg3 Rh4 41. f4 Kf5 42. Rc4 Rh7 43. a4 Bh4+ 44. Kg2 Rg7+ 45. Kf3 Rg3+ 46. Ke2 Rxh3 47. a5 Be7 48. axb6 axb6 49. Ra4 Rh2+ 50. Kd3 b5 51. Ra5 Rb2 52. Bc1 c4+ 53. Kd4 Rb1 54. Bd2 Rb3 55. Bc3 Bf8 0-1

[Event "Positano op 6th"]
[Site "Positano"]
[Date "2009.12.06"]
[Round "3"]
[White "Sabia, Corrado"]
[Black "Testa, Adriano"]
[Result "1/2-1/2"]
[WhiteElo "2183"]
[BlackElo "2175"]
[PlyCount "69"]
[EventDate "2009.12.05"]
[EventType "swiss"]
[EventRounds "7"]
[EventCountry "ITA"]
[SourceTitle "EXT 2012"]
[Source "ChessBase"]
[SourceDate "2011.11.24"]
[SourceVersion "1"]
[SourceVersionDate "2011.11.24"]
[SourceQuality "1"]

1. Nf3 d5 2. g3 Nf6 3. Bg2 Bf5 4. 0-0 e6 5. d3 Be7 6. Nbd2 h6 7. c4 c6 8. b3 0-0 9. Bb2 Bh7 10. Rc1 b5 11. Rc2 bxc4 12. bxc4 Nbd7 13. Qa1 Qa5 14. Nd4 Rac8 15. cxd5 cxd5 16. Rfc1 Rxc2 17. Rxc2 Nb8 18. N2b3 Qb6 19. Qc1 Nfd7 20. Nc6 Bf6 21. Ba3 Re8 22. Bd6 Bg5 23. Bf4 Bxf4 24. gxf4 Nf6 25. Ne5 Bf5 26. Bf3 Nbd7 27. Rc6 Qb8 28. Nxd7 Nxd7 29. Nd4 Bh3 30. Rc7 Nb6 31. Bg2 Rc8 32. Rc6 Rxc6 33. Nxc6 Qb7 34. e3 Kh7 35. d4 1/2-1/2

[Event "Positano op 6th"]
[Site "Positano"]
[Date "2009.12.05"]
[Round "2"]
[White "Testa, Adriano"]
[Black "Sanchez, Joseph"]
[Result "1/2-1/2"]
[WhiteElo "2175"]
[BlackElo "2487"]
[PlyCount "94"]
[EventDate "2009.12.05"]
[EventType "swiss"]
[EventRounds "7"]
[EventCountry "ITA"]
[SourceTitle "EXT 2012"]
[Source "ChessBase"]
[SourceDate "2011.11.24"]
[SourceVersion "1"]
[SourceVersionDate "2011.11.24"]
[SourceQuality "1"]

1. e4 d5 2. exd5 Nf6 3. d4 Bg4 4. Nf3 Qxd5 5. Nc3 Qh5 6. Bf4 c6 7. Be2 Nbd7 8. Ne5 Bxe2 9. Qxe2 Qf5 10. Nxd7 Qxf4 11. Nxf6+ gxf6 12. Qe4 Qxe4+ 13. Nxe4 f5 14. Nd2 Rg8 15. g3 e6 16. Nf3 Be7 17. 0-0-0 Rd8 18. c4 Rg4 19. b3 Bf6 20. d5 cxd5 21. cxd5 exd5 22. Rd3 Ke7 23. Rhd1 Ke6 24. Ng1 Re4 25. h3 Bg5+ 26. Kc2 Re3 27. f4 Rc8+ 28. Kd2 Rxd3+ 29. Kxd3 Bf6 30. Re1+ Kd6 31. Ne2 h5 32. Nd4 Bxd4 33. Kxd4 Rc2 34. Re5 Rd2+ 35. Ke3 Rxa2 36. Rxf5 Rb2 37. Kd4 Rxb3 38. Rxd5+ Ke6 39. Rxh5 b5 40. Rh6+ Ke7 41. g4 Rb4+ 42. Ke3 Rb3+ 43. Ke4 Rb4+ 44. Ke3 Rb3+ 45. Ke4 Rb4+ 46. Ke3 Rb3+ 47. Ke4 Rb4+ 1/2-1/2

[Event "Wch U16"]
[Site "Kemer"]
[Date "2009.11.22"]
[Round "11"]
[White "Testa, Adriano"]
[Black "Ponomarenko, Alexandr"]
[Result "1/2-1/2"]
[WhiteElo "2175"]
[BlackElo "2073"]
[PlyCount "92"]
[EventDate "2009.11.12"]
[EventType "swiss"]
[EventRounds "11"]
[EventCountry "TUR"]
[SourceTitle "EXT 2010"]
[Source "ChessBase"]
[SourceDate "2010.11.25"]
[SourceVersion "1"]
[SourceVersionDate "2010.11.25"]
[SourceQuality "1"]

1. e4 e5 2. Nf3 Nc6 3. Bc4 Bc5 4. 0-0 Nf6 5. d3 0-0 6. h3 d6 7. c3 h6 8. Nbd2 Re8 9. Re1 a6 10. Bb3 Be6 11. Nh2 Nh7 12. Ndf1 Bxb3 13. axb3 Nf8 14. Ne3 Ng6 15. g3 Bxe3 16. Bxe3 d5 17. Nf3 d4 18. cxd4 exd4 19. Bd2 Qe7 20. Nh2 Nge5 21. Qc2 Nd7 22. f4 Nb4 23. Bxb4 Qxb4 24. Rec1 b6 25. Ra4 Qb5 26. Rxd4 Nc5 27. b4 Ne6 28. Rc4 Qh5 29. Kg2 b5 30. Rc3 Nd4 31. Qd1 Qe2+ 32. Qxe2 Nxe2 33. Ra1 Nxc3 34. bxc3 Rad8 35. d4 Rxe4 36. Kf3 f5 37. Ng4 Rexd4 38. Nxh6+ gxh6 39. cxd4 Rxd4 40. Rxa6 Rxb4 41. Rc6 Rc4 42. Rxc4 bxc4 43. Ke3 Kf7 44. Kd4 Ke6 45. Kxc4 Kd6 46. g4 Ke6 1/2-1/2

[Event "Wch U16"]
[Site "Kemer"]
[Date "2009.11.21"]
[Round "10"]
[White "Nader, Mohamed"]
[Black "Testa, Adriano"]
[Result "1/2-1/2"]
[WhiteElo "2040"]
[BlackElo "2175"]
[PlyCount "118"]
[EventDate "2009.11.12"]
[EventType "swiss"]
[EventRounds "11"]
[EventCountry "TUR"]
[SourceTitle "EXT 2010"]
[Source "ChessBase"]
[SourceDate "2010.11.25"]
[SourceVersion "1"]
[SourceVersionDate "2010.11.25"]
[SourceQuality "1"]

1. d4 d5 2. Nf3 Nf6 3. e3 c5 4. c3 Nbd7 5. Bd3 g6 6. Nbd2 Bg7 7. 0-0 0-0 8. e4 dxe4 9. Nxe4 Nxe4 10. Bxe4 cxd4 11. Nxd4 e5 12. Nb5 Nc5 13. Bc2 Qb6 14. Qe2 a6 15. Na3 Be6 16. Be3 Qc6 17. Nc4 b5 18. Na5 Qc7 19. Bxc5 Qxc5 20. Nb3 Qc7 21. Rfd1 Qb6 22. Nd2 Rfd8 23. Ne4 Bc4 24. Bd3 Rxd3 25. Rxd3 f5 26. Nd2 Bxd3 27. Qxd3 Rd8 28. Qc2 Qd6 29. Nf3 Bf6 30. Qb3+ Qd5 31. Rd1 Qxb3 32. Rxd8+ Bxd8 33. axb3 Bf6 34. Ne1 e4 35. Nc2 Kf7 36. Nb4 a5 37. Nc6 b4 38. cxb4 axb4 39. Nxb4 Bxb2 40. Kf1 Ke6 41. Ke2 Ba3 42. Nc2 Bd6 43. g3 h5 44. h4 Kd5 45. Ke3 Bc5+ 46. Ke2 Ke5 47. f3 f4 48. gxf4+ Kxf4 49. fxe4 Kxe4 50. Ne1 Be7 51. Nf3 Bf6 52. b4 Be7 53. b5 Bd8 54. Kf2 Kf4 55. Kg2 Bb6 56. Ng5 Kg4 57. Nf3 Kf5 58. Kh3 Kf4 59. Nh2 g5 1/2-1/2

[Event "Wch U16"]
[Site "Kemer"]
[Date "2009.11.16"]
[Round "6"]
[White "Raznikov, Danny"]
[Black "Testa, Adriano"]
[Result "1-0"]
[WhiteElo "2290"]
[BlackElo "2175"]
[PlyCount "107"]
[EventDate "2009.11.12"]
[EventType "swiss"]
[EventRounds "11"]
[EventCountry "TUR"]
[SourceTitle "EXT 2010"]
[Source "ChessBase"]
[SourceDate "2010.11.25"]
[SourceVersion "1"]
[SourceVersionDate "2010.11.25"]
[SourceQuality "1"]

1. d4 d5 2. c4 c6 3. Nf3 Nf6 4. e3 Bf5 5. Nc3 e6 6. Nh4 Be4 7. f3 Bg6 8. Qb3 Qc7 9. Bd2 Be7 10. Nxg6 hxg6 11. g3 Nbd7 12. cxd5 exd5 13. 0-0-0 Rc8 14. Kb1 Qb6 15. Qa4 0-0 16. g4 Qc7 17. g5 Nh5 18. f4 b5 19. Qc2 b4 20. Na4 c5 21. Nxc5 Nxc5 22. dxc5 Qxc5 23. Qxc5 Bxc5 24. Bh3 Rcd8 25. Rc1 Bd6 26. Rc6 Rfe8 27. Rf1 d4 28. Rf3 dxe3 29. Bxe3 Re4 30. f5 Bf4 31. Bxf4 Nxf4 32. fxg6 Nxg6 33. Bf5 Re7 34. Bxg6 fxg6 35. a3 Re5 36. h4 Re4 37. Rc7 Rxh4 38. Rxa7 bxa3 39. Rfxa3 Rb4 40. Ra8 Rxa8 41. Rxa8+ Kf7 42. Ra5 Rf4 43. Kc2 Rf5 44. b4 Rf3 45. Ra7+ Kg8 46. b5 Rf5 47. b6 Rb5 48. b7 Kh7 49. Kc3 Rb1 50. Kc4 Rc1+ 51. Kd5 Rd1+ 52. Kc6 Rc1+ 53. Kd7 Rb1 54. Kc8 1-0

[Event "Rome Elo op 5th"]
[Site "Rome"]
[Date "2009.10.14"]
[Round "4"]
[White "Pala, Giorgio"]
[Black "Testa, Adriano"]
[Result "1-0"]
[WhiteElo "1982"]
[BlackElo "2160"]
[PlyCount "49"]
[EventDate "2009.09.16"]
[EventType "swiss"]
[EventRounds "5"]
[EventCountry "ITA"]
[SourceTitle "EXT 2012"]
[Source "ChessBase"]
[SourceDate "2011.11.24"]
[SourceVersion "1"]
[SourceVersionDate "2011.11.24"]
[SourceQuality "1"]

1. e4 d5 2. exd5 Qxd5 3. Nf3 Nf6 4. d4 Bf5 5. Bd3 Bg4 6. Be2 e6 7. 0-0 c5 8. c4 Qd8 9. Be3 Nc6 10. dxc5 Qxd1 11. Rxd1 Ne4 12. Nc3 Nxc3 13. bxc3 Rd8 14. Rab1 Rxd1+ 15. Bxd1 Nd8 16. Ba4+ Ke7 17. Ne5 Bh5 18. g4 Bg6 19. Rd1 Nc6 20. Bg5+ f6 21. Rd7+ Ke8 22. Rxb7 fxg5 23. Bxc6+ Kd8 24. Rxa7 Kc8 25. Bd7+ 1-0

[Event "Rome Elo op 5th"]
[Site "Rome"]
[Date "2009.09.23"]
[Round "2"]
[White "Di Tucci, Benedetto"]
[Black "Testa, Adriano"]
[Result "0-1"]
[WhiteElo "1810"]
[BlackElo "2160"]
[PlyCount "48"]
[EventDate "2009.09.16"]
[EventType "swiss"]
[EventRounds "5"]
[EventCountry "ITA"]
[SourceTitle "EXT 2012"]
[Source "ChessBase"]
[SourceDate "2011.11.24"]
[SourceVersion "1"]
[SourceVersionDate "2011.11.24"]
[SourceQuality "1"]

1. d4 d5 2. c4 e6 3. Nc3 c6 4. cxd5 exd5 5. Qc2 Bd6 6. Nf3 Ne7 7. e3 Bf5 8. Bd3 Bxd3 9. Qxd3 Nd7 10. e4 dxe4 11. Nxe4 Bb4+ 12. Bd2 Bxd2+ 13. Qxd2 0-0 14. 0-0 Nd5 15. Rfe1 Qc7 16. Rac1 Rad8 17. b4 Qf4 18. Qb2 Rfe8 19. Nc5 Nxc5 20. bxc5 Qc7 21. Ne5 Nf4 22. Qd2 Rxe5 23. Rxe5 Qxe5 24. dxe5 Rxd2 0-1

[Event "Rome Elo op 5th"]
[Site "Rome"]
[Date "2009.09.16"]
[Round "1"]
[White "Testa, Adriano"]
[Black "Marini, Riccardo"]
[Result "1-0"]
[WhiteElo "2160"]
[BlackElo "1727"]
[PlyCount "59"]
[EventDate "2009.09.16"]
[EventType "swiss"]
[EventRounds "5"]
[EventCountry "ITA"]
[SourceTitle "EXT 2012"]
[Source "ChessBase"]
[SourceDate "2011.11.24"]
[SourceVersion "1"]
[SourceVersionDate "2011.11.24"]
[SourceQuality "1"]

1. e4 c5 2. Nf3 Nc6 3. Bb5 g6 4. Bxc6 dxc6 5. d3 Bg7 6. h3 e5 7. Nc3 Qe7 8. Be3 Nf6 9. Qd2 Nd7 10. g4 Nf8 11. Ne2 Ne6 12. c3 b6 13. Nh2 Ba6 14. Qc2 Rd8 15. c4 0-0 16. h4 Rd7 17. h5 Rfd8 18. Rd1 b5 19. b3 b4 20. Nf3 Bc8 21. Ng3 Nf4 22. Bxf4 exf4 23. Ne2 Qd6 24. Qc1 Qe6 25. hxg6 hxg6 26. Nxf4 Qxg4 27. Ke2 Rxd3 28. Rxd3 Rxd3 29. Nxd3 Qxe4+ 30. Qe3 1-0

[Event "ITA-ch U20"]
[Site "Castione della Presolana"]
[Date "2009.08.29"]
[Round "9"]
[White "Testa, Adriano"]
[Black "Bonafede, Alessandro"]
[Result "1/2-1/2"]
[WhiteElo "2124"]
[BlackElo "2308"]
[PlyCount "95"]
[EventDate "2009.08.21"]
[EventType "swiss"]
[EventRounds "9"]
[EventCountry "ITA"]
[SourceTitle "EXT 2011"]
[Source "ChessBase"]
[SourceDate "2010.11.26"]
[SourceVersion "1"]
[SourceVersionDate "2010.11.26"]
[SourceQuality "1"]

1. e4 c5 2. Nf3 Nc6 3. Bb5 g6 4. Bxc6 dxc6 5. d3 Bg7 6. h3 Nf6 7. Nc3 Nd7 8. Be3 e5 9. Qd2 Qe7 10. Bh6 Bxh6 11. Qxh6 f6 12. Nh2 Nf8 13. Ne2 Bd7 14. 0-0-0 0-0-0 15. Rhf1 f5 16. Nf3 Rg8 17. Qg5 Qf7 18. Nxe5 Qxa2 19. Nc4 Be6 20. Nc3 Qa6 21. Qe7 Bxc4 22. dxc4 Nd7 23. Rd6 Rge8 24. Qxh7 Ne5 25. Rfd1 Nxc4 26. Rxd8+ Rxd8 27. Rxd8+ Kxd8 28. Nb1 Nd6 29. Nd2 Qe2 30. Qh4+ Kc8 31. c3 Nxe4 32. Nxe4 fxe4 33. Qg3 Kd7 34. Qxg6 Qf1+ 35. Kd2 Qxf2+ 36. Kd1 Qf1+ 37. Kc2 Qe2+ 38. Kc1 Kc7 39. Qf7+ Kb6 40. Qb3+ Kc7 41. Qf7+ Kd6 42. Qf6+ Kd5 43. Qf5+ Kc4 44. Qe6+ Kd3 45. Qd6+ Kc4 46. Qe6+ Kb5 47. Qb3+ Ka6 48. Qa2+ 1/2-1/2

[Event "ITA-ch U20"]
[Site "Castione della Presolana"]
[Date "2009.08.22"]
[Round "2"]
[White "Testa, Adriano"]
[Black "Gallucci, Alessio"]
[Result "1-0"]
[WhiteElo "2124"]
[BlackElo "2205"]
[PlyCount "39"]
[EventDate "2009.08.21"]
[EventType "swiss"]
[EventRounds "9"]
[EventCountry "ITA"]
[SourceTitle "EXT 2011"]
[Source "ChessBase"]
[SourceDate "2010.11.26"]
[SourceVersion "1"]
[SourceVersionDate "2010.11.26"]
[SourceQuality "1"]

1. e4 c5 2. Nf3 d6 3. d4 cxd4 4. Qxd4 a6 5. c4 Nc6 6. Qd2 g6 7. b3 Nf6 8. Nc3 Bg7 9. Bb2 0-0 10. h3 Qa5 11. Bd3 Nb4 12. Bb1 b5 13. Nd5 Nxe4 14. Nxe7+ Kh8 15. Bxg7+ Kxg7 16. Bxe4 Bb7 17. 0-0 Bxe4 18. Qd4+ f6 19. Qxe4 Rae8 20. a3 1-0

[Event "ITA-ch U16"]
[Site "Courmayeur"]
[Date "2009.07.04"]
[Round "8"]
[White "Testa, Adriano"]
[Black "Giuntoli, Matteo"]
[Result "1-0"]
[WhiteElo "2132"]
[BlackElo "1923"]
[PlyCount "53"]
[EventDate "2009.06.29"]
[EventType "swiss"]
[EventRounds "9"]
[EventCountry "ITA"]
[SourceTitle "EXT 2012"]
[Source "ChessBase"]
[SourceDate "2011.11.24"]
[SourceVersion "1"]
[SourceVersionDate "2011.11.24"]
[SourceQuality "1"]

1. e4 e5 2. Nf3 Nc6 3. Bc4 Nf6 4. d3 Bc5 5. c3 0-0 6. Nbd2 a6 7. Bb3 Ba7 8. h3 b5 9. 0-0 d6 10. Re1 Ne7 11. Nf1 Ng6 12. Ng3 Bb7 13. Nf5 Re8 14. Nh2 d5 15. Qf3 c5 16. Bg5 dxe4 17. dxe4 c4 18. Bc2 Qb6 19. Bxf6 Qxf6 20. Nh6+ Kf8 21. Qxf6 gxf6 22. Rad1 Rad8 23. N2g4 Nf4 24. Nxf6 Rxd1 25. Rxd1 Re6 26. Nf5 Bb6 27. Nd7+ 1-0

[Event "ITA-ch U16"]
[Site "Courmayeur"]
[Date "2009.07.03"]
[Round "6"]
[White "Caprio, Guido"]
[Black "Testa, Adriano"]
[Result "0-1"]
[WhiteElo "2205"]
[BlackElo "2132"]
[PlyCount "48"]
[EventDate "2009.06.29"]
[EventType "swiss"]
[EventRounds "9"]
[EventCountry "ITA"]
[SourceTitle "EXT 2012"]
[Source "ChessBase"]
[SourceDate "2011.11.24"]
[SourceVersion "1"]
[SourceVersionDate "2011.11.24"]
[SourceQuality "1"]

1. e4 c6 2. d4 d5 3. e5 Bf5 4. Nc3 a6 5. Be3 e6 6. g4 Bg6 7. Nge2 c5 8. h4 h5 9. Nf4 Bh7 10. g5 cxd4 11. Bxd4 Nc6 12. g6 Bxg6 13. Nxg6 fxg6 14. Bh3 Qxh4 15. Be3 Bb4 16. Qf3 Qe4 17. Qg3 Bxc3+ 18. bxc3 Qxh1+ 19. Kd2 Qe4 20. f3 h4 21. Qg2 Qxe5 22. Qxg6+ Kd7 23. Qf7+ Nge7 24. Qxe7+ Nxe7 0-1

[Event "ITA-ch U16"]
[Site "Courmayeur"]
[Date "2009.06.30"]
[Round "2"]
[White "Melone, Antonio"]
[Black "Testa, Adriano"]
[Result "0-1"]
[WhiteElo "1842"]
[BlackElo "2132"]
[PlyCount "130"]
[EventDate "2009.06.29"]
[EventType "swiss"]
[EventRounds "9"]
[EventCountry "ITA"]
[SourceTitle "EXT 2012"]
[Source "ChessBase"]
[SourceDate "2011.11.24"]
[SourceVersion "1"]
[SourceVersionDate "2011.11.24"]
[SourceQuality "1"]

1. d4 d5 2. c4 e6 3. Nc3 Nf6 4. cxd5 exd5 5. Bg5 c6 6. e3 Be7 7. Bd3 Nbd7 8. Nge2 0-0 9. 0-0 Ne4 10. Bxe7 Qxe7 11. Nxe4 dxe4 12. Bc2 Nf6 13. Qd2 Bf5 14. a3 a5 15. Rfc1 h5 16. Bd1 Qd6 17. Rc5 Bd7 18. Rxa5 b5 19. Rxa8 Rxa8 20. Rc1 Rd8 21. Qa5 Be6 22. Rxc6 Qf8 23. Rc1 Bc4 24. Qd2 h4 25. b3 Bxe2 26. Bxe2 Qxa3 27. Qc2 b4 28. Bc4 g6 29. Rd1 Qa5 30. d5 Qc5 31. Qd2 Ne8 32. Qd4 Qxd4 33. Rxd4 Nd6 34. Kf1 Kg7 35. Be2 Rb8 36. Bd1 Kf6 37. Bc2 Ke5 38. f3 f5 39. f4+ Kf6 40. g3 hxg3 41. hxg3 g5 42. Rd2 gxf4 43. gxf4 Rb5 44. Bd1 Ke7 45. Rd4 Nb7 46. Be2 Rb6 47. Rc4 Na5 48. Rc7+ Kd8 49. Rc2 Nxb3 50. Rb2 Nc5 51. Ke1 Ke7 52. Kd2 Na4 53. Rb3 Kd6 54. Bc4 Kc5 55. Be2 Kxd5 56. Bh5 Nc5 57. Bf7+ Kd6 58. Rb2 Nd3 59. Rb3 Kc5 60. Bh5 Ra6 61. Rb1 Ra2+ 62. Kd1 Rg2 63. Rb3 Rg7 64. Be8 Kc4 65. Rxd3 Kxd3 0-1